000 005220000a22001810004500
001 5518
090 _a5518
100 _a20001113d1985 k y0pory5003 ba
101 0 _apor
102 _aPT
200 1 _aNós, os do Makulusu
_fJosé Luandino Vieira
205 _a4ª ed
210 _aLisboa
_cEdiçöes 70
_d1985
215 _a159 p.
675 _a821.134.3(673)-34
_vBN
_zpor
700 1 _aVieira
_bJosé Luandino
_cPseud.
942 _cMON
_n0
999 _a5518
_bBibliobase - BMTAV
_c2019-01-21